डॉक्टर सलीम / (Record no. 117432)
[ view plain ]
| 000 -LEADER | |
|---|---|
| fixed length control field | 01243nam a22002657a 4500 |
| 005 - DATE AND TIME OF LATEST TRANSACTION | |
| control field | 20170124103055.0 |
| 010 ## - LIBRARY OF CONGRESS CONTROL NUMBER | |
| LC control number | A-427772 |
| 020 ## - INTERNATIONAL STANDARD BOOK NUMBER | |
| Terms of availability | 35.00 |
| International Standard Book Number | 8185050244 |
| 035 ## - SYSTEM CONTROL NUMBER | |
| System control number | A-427772 |
| 037 ## - SOURCE OF ACQUISITION | |
| Source of stock number/acquisition | Cen Lib/Ret |
| 040 ## - CATALOGING SOURCE | |
| Original cataloging agency | DPL |
| Language of cataloging | HN |
| 082 ## - DEWEY DECIMAL CLASSIFICATION NUMBER | |
| Classification number | उ |
| Item number | रज़िया |
| 100 ## - MAIN ENTRY--PERSONAL NAME | |
| Personal name | रज़िया नूर मुहम्मद |
| 9 (RLIN) | 74569 |
| 245 ## - TITLE STATEMENT | |
| Title | डॉक्टर सलीम / |
| Statement of responsibility, etc | रज़िया नूर मुहम्मद;अनुवादक कान्ता आनन्द |
| 246 ## - VARYING FORM OF TITLE | |
| Title proper/short title | Doctor Saleem / |
| Remainder of title | by Razia Noor Muhammad;anuvadak Kanta Anand |
| 260 ## - PUBLICATION, DISTRIBUTION, ETC. (IMPRINT) | |
| Place of publication, distribution, etc | दिल्ली |
| Name of publisher, distributor, etc | कादम्बरी प्रकाशन |
| Date of publication, distribution, etc | 1990 |
| 270 ## - ADDRESS | |
| Address | 5451, शिव मार्किट, न्यू चंद्रावल जवाहर नगर |
| City | दिल्ली |
| Postal code | 110007 |
| 300 ## - PHYSICAL DESCRIPTION | |
| Extent | 127पृ. |
| Dimensions | 17सेमी (सजिल्द ) |
| 650 ## - SUBJECT ADDED ENTRY--TOPICAL TERM | |
| Topical term or geographic name as entry element | हिंदी साहित्य |
| General subdivision | |
| Geographic subdivision | |
| 9 (RLIN) | 103766 |
| 650 ## - SUBJECT ADDED ENTRY--TOPICAL TERM | |
| Topical term or geographic name as entry element | हिंदी साहित्य--उपन्यास |
| Form subdivision | |
| 9 (RLIN) | 103767 |
| 650 ## - SUBJECT ADDED ENTRY--TOPICAL TERM | |
| Topical term or geographic name as entry element | Hindi literature |
| 9 (RLIN) | 103768 |
| 650 ## - SUBJECT ADDED ENTRY--TOPICAL TERM | |
| Topical term or geographic name as entry element | Hindi literature--Novel |
| 9 (RLIN) | 103769 |
| 700 ## - ADDED ENTRY--PERSONAL NAME | |
| Personal name | आनन्द, कान्ता |
| 9 (RLIN) | 103770 |
| 942 ## - ADDED ENTRY ELEMENTS (KOHA) | |
| Source of classification or shelving scheme | Dewey Decimal Classification |
| Koha item type | Hindi Books |
| Classification part | उ |
| Call number suffix | रज़िया |
| Withdrawn status | Lost status | Damaged status | Not for loan | Home library | Current library | Date acquired | Source of acquisition | Cost, normal purchase price | Total Checkouts | Full call number | Barcode | Date last seen | Copy number | Cost, replacement price | Price effective from | Koha item type |
|---|---|---|---|---|---|---|---|---|---|---|---|---|---|---|---|---|
| Central Library | Central Library | 04/09/2015 | Cen Lib/Ret | 35.00 | उ रज़िया | A-427772 | 04/09/2015 | 1 | 35.00 | 04/09/2015 | Hindi Books |
